Statistics for 2023-24 NHL PLAYER BY PICTURE #5

Click here to take the quiz!

General Stats

  • This quiz has been taken 56 times
  • The average score is 11 of 16

Answer Stats

Answer% Correct
Alex Ovechkin
100%
Brady Tkachuk
95%
Jack Hughes
95%
Seth Jones
90%
Adam Fox
85%
Stuart Skinner
80%
Brayden Point
78%
Rasmus Dahlin
78%
Aaron Ekblad
68%
Jordan Eberle
68%
Thatcher Demko
60%
Colton Parayko
43%
Cam Talbot
40%
Charlie Coyle
38%
Sean Durzi
33%
Shea Theodore
33%

Score Distribution

Percentile by Number Answered

Percent of People with Each Score

Your Score History

You have not taken this quiz